[Event "SVK-chT2C 1617"]
[Site "Slovakia"]
[Date "2017.03.12"]
[Round "11.5"]
[White "Puskar, Jan"]
[Black "Rysian, Jozef"]
[Result "1-0"]
[WhiteElo "2036"]
[BlackElo "1947"]
[PlyCount "63"]
[EventDate "2016.10.08"]
[EventType "team-tourn"]
[EventRounds "11"]
[EventCountry "SVK"]
[SourceTitle "EXT 2018"]
[Source "ChessBase"]
[SourceDate "2017.10.13"]
[SourceVersion "1"]
[SourceVersionDate "2017.10.13"]
[SourceQuality "1"]
[WhiteTeam "Banska Bystrica Veza"]
[BlackTeam "Podbrezova ZP Sport"]
[WhiteTeamCountry "SVK"]
[BlackTeamCountry "SVK"]

1. e4 e5 2. Nf3 d6 3. Nc3 Be7 4. d4 Bg4 5. dxe5 Bxf3 6. Qxf3 dxe5 7. Bc4 Nf6 8. Bg5 c6 9. 0-0 Qc7 10. Kh1 Nbd7 11. Rad1 h6 12. Bc1 Nf8 13. Ne2 Ng6 14. Ng3 0-0 15. Nf5 Kh7 16. h4 Ng8 17. g3 Bc5 18. h5 N6e7 19. Nh4 Rad8 20. Rxd8 Qxd8 21. Bxf7 Qd6 22. Ng6 Rd8 23. Kg2 b5 24. a3 Qb8 25. b4 Bd4 26. Rd1 Rd6 27. Nf8+ Kh8 28. Ne6 Nf6 29. c3 Bb6 30. Rxd6 Qxd6 31. Bxh6 Nh7 32. Bxg7# 1-0

[Event "SVK-chT2C 1617"]
[Site "Slovakia"]
[Date "2016.12.03"]
[Round "5.7"]
[White "Sedlar, Jozef"]
[Black "Puskar, Jan"]
[Result "1/2-1/2"]
[WhiteElo "1912"]
[BlackElo "2036"]
[PlyCount "102"]
[EventDate "2016.10.08"]
[EventType "team-tourn"]
[EventRounds "11"]
[EventCountry "SVK"]
[SourceTitle "EXT 2018"]
[Source "ChessBase"]
[SourceDate "2017.10.13"]
[SourceVersion "1"]
[SourceVersionDate "2017.10.13"]
[SourceQuality "1"]
[WhiteTeam "Banska Bystrica Kurta"]
[BlackTeam "Banska Bystrica Veza"]
[WhiteTeamCountry "SVK"]
[BlackTeamCountry "SVK"]

1. a3 d5 2. d4 Nf6 3. Nf3 c6 4. Bg5 Bf5 5. e3 Nbd7 6. Bxf6 Nxf6 7. Bd3 e6 8. c4 Qa5+ 9. Nc3 Bxd3 10. Qxd3 Bb4 11. Rc1 Bxc3+ 12. Qxc3 Qxc3+ 13. Rxc3 Ne4 14. Rc2 f6 15. Nd2 Nxd2 16. Kxd2 Kd7 17. Rhc1 Rhc8 18. Kd3 b6 19. a4 Rab8 20. e4 dxe4+ 21. Kxe4 c5 22. Rd1 cxd4 23. Rxd4+ Ke7 24. b4 Rd8 25. Rxd8 Kxd8 26. b5 Rc8 27. Kd4 Rc5 28. f4 Kc7 29. a5 e5+ 30. fxe5 fxe5+ 31. Kc3 bxa5 32. Rf2 Kb6 33. Rf7 Rc7 34. Rf8 Re7 35. Rc8 Re6 36. Rb8+ Kc7 37. Ra8 Kb7 38. Rf8 e4 39. Kd2 e3+ 40. Ke2 Kb6 41. Rf7 a4 42. Rxg7 Rg6 43. Rxh7 Rxg2+ 44. Kxe3 a3 45. Kd4 a2 46. Rh6+ Kb7 47. Ra6 Rxh2 48. Kc3 Rf2 49. Kb4 Rb2+ 50. Kc5 Rd2 51. Ra3 Rg2 1/2-1/2

[Event "SVK-chT2C 1516"]
[Site "Slovakia"]
[Date "2016.03.13"]
[Round "11.3"]
[White "Hlavac, Peter"]
[Black "Puskar, Jan"]
[Result "1-0"]
[WhiteElo "1984"]
[BlackElo "2061"]
[PlyCount "115"]
[EventDate "2015.10.17"]
[EventType "team-tourn"]
[EventRounds "11"]
[EventCountry "SVK"]
[SourceTitle "EXT 2017"]
[Source "ChessBase"]
[SourceDate "2016.10.25"]
[SourceVersion "1"]
[SourceVersionDate "2016.10.25"]
[SourceQuality "1"]
[WhiteTeam "Rajecke Teplice"]
[BlackTeam "Banska Bystrica Veza"]
[WhiteTeamCountry "SVK"]
[BlackTeamCountry "SVK"]

1. Nf3 Nf6 2. c4 e6 3. d4 b6 4. Bg5 Bb7 5. Nbd2 Be7 6. e3 0-0 7. Bd3 d5 8. 0-0 Nbd7 9. Rc1 c5 10. cxd5 Nxd5 11. Bxe7 Qxe7 12. dxc5 Nxc5 13. Be2 Rfd8 14. a3 Nf6 15. Qc2 Rac8 16. Qb1 Nfe4 17. Rfd1 Nxd2 18. Nxd2 Qg5 19. Nf3 Qf6 20. Rc4 Rxd1+ 21. Bxd1 Ba6 22. Rf4 Bd3 23. Qc1 Qd8 24. Rd4 Qc7 25. Qd2 Bb5 26. h3 g6 27. b4 Nb7 28. a4 Be8 29. Bb3 Qc1+ 30. Qxc1 Rxc1+ 31. Rd1 Rc3 32. Rb1 Kf8 33. Ng5 h5 34. Ne4 Rc7 35. f4 Ke7 36. Kf2 Nd6 37. Nxd6 Kxd6 38. Rd1+ Ke7 39. g4 hxg4 40. hxg4 Rc3 41. Rb1 Bc6 42. Ke2 Be4 43. Rb2 Rc1 44. Kd2 Rg1 45. g5 e5 46. Kc3 Rg3 47. fxe5 Rxg5 48. Kd4 Rg4 49. Bd5 Bc2+ 50. e4 Bxa4 51. Ra2 b5 52. Rf2 Rg1 53. Rxf7+ Ke8 54. Rxa7 Rc1 55. e6 g5 56. Ke5 Bd1 57. Kf6 g4 58. Ra8+ 1-0

[Event "SVK-chT2C 1516"]
[Site "Slovakia"]
[Date "2016.03.12"]
[Round "10.2"]
[White "Svana, Peter"]
[Black "Puskar, Jan"]
[Result "1-0"]
[WhiteElo "2264"]
[BlackElo "2061"]
[PlyCount "91"]
[EventDate "2015.10.17"]
[EventType "team-tourn"]
[EventRounds "11"]
[EventCountry "SVK"]
[SourceTitle "EXT 2017"]
[Source "ChessBase"]
[SourceDate "2016.10.25"]
[SourceVersion "1"]
[SourceVersionDate "2016.10.25"]
[SourceQuality "1"]
[WhiteTeam "Kysucke Nove Mesto"]
[BlackTeam "Banska Bystrica Veza"]
[WhiteTeamCountry "SVK"]
[BlackTeamCountry "SVK"]

1. e4 d5 2. exd5 Qxd5 3. Nc3 Qd6 4. g3 Nf6 5. Bg2 c6 6. h3 Bf5 7. Nf3 Nbd7 8. 0-0 e6 9. d4 Qc7 10. Qe2 Bb4 11. Nh4 0-0 12. Nxf5 exf5 13. Qd3 g6 14. Ne2 Rfe8 15. c4 Bf8 16. Bf4 Bd6 17. Rac1 Bxf4 18. Nxf4 Rad8 19. Qa3 Qb8 20. Rfd1 Kg7 21. b4 a6 22. Qb2 Kg8 23. a4 Ne4 24. b5 axb5 25. axb5 Qd6 26. c5 Ndxc5 27. bxc6 bxc6 28. dxc5 Qxd1+ 29. Rxd1 Rxd1+ 30. Kh2 Rd2 31. Qb7 Rxf2 32. Kg1 Rc2 33. Qxc6 Rb8 34. Qc7 Rb1+ 35. Kh2 Rbb2 36. c6 g5 37. Qc8+ Kg7 38. Qxf5 gxf4 39. Qxe4 fxg3+ 40. Kxg3 Rc3+ 41. Bf3 Rbc2 42. Qe5+ Kg8 43. Qg5+ Kf8 44. Qf6 Rc1 45. Kh4 Rc5 46. Bd5 1-0

[Event "SVK-chT2C 1516"]
[Site "Slovakia"]
[Date "2016.02.14"]
[Round "9.3"]
[White "Kerdik, Adam"]
[Black "Puskar, Jan"]
[Result "1/2-1/2"]
[WhiteElo "2001"]
[BlackElo "2061"]
[PlyCount "79"]
[EventDate "2015.10.17"]
[EventType "team-tourn"]
[EventRounds "11"]
[EventCountry "SVK"]
[SourceTitle "EXT 2017"]
[Source "ChessBase"]
[SourceDate "2016.10.25"]
[SourceVersion "1"]
[SourceVersionDate "2016.10.25"]
[SourceQuality "1"]
[WhiteTeam "Liptov Chess School III"]
[BlackTeam "Banska Bystrica Veza"]
[WhiteTeamCountry "SVK"]
[BlackTeamCountry "SVK"]

1. d4 Nf6 2. c4 c5 3. d5 e6 4. Nc3 exd5 5. cxd5 d6 6. Nf3 g6 7. e4 Bg7 8. h3 0-0 9. Bd3 b5 10. Nxb5 Nxe4 11. 0-0 a6 12. Na3 Nf6 13. Nc4 Bb7 14. Bf4 Bxd5 15. Bxd6 Re8 16. Bxc5 Nbd7 17. Bd4 Re6 18. Ne3 Bxf3 19. Qxf3 Rd6 20. Bxf6 Bxf6 21. Nc4 Ne5 22. Nxe5 Bxe5 23. Bc4 Rf6 24. Qe2 Qd4 25. Rfd1 Qxb2 26. Qxb2 Bxb2 27. Rab1 Ba3 28. f3 Ra7 29. Rd5 Rc7 30. Bb3 Kg7 31. Rbd1 h5 32. Kf2 Bc5+ 33. Kf1 a5 34. Rc1 Bb6 35. Rxc7 Bxc7 36. Rd4 Bg3 37. Ke2 g5 38. Rd5 Re6+ 39. Kd3 Re5 40. Rxe5 1/2-1/2

[Event "SVK-chT2C 1516"]
[Site "Slovakia"]
[Date "2015.10.17"]
[Round "1.3"]
[White "Hrnciar, Roman"]
[Black "Puskar, Jan"]
[Result "1-0"]
[WhiteElo "2091"]
[BlackElo "2061"]
[PlyCount "115"]
[EventDate "2015.10.17"]
[EventType "team-tourn"]
[EventRounds "11"]
[EventCountry "SVK"]
[SourceTitle "CBM 169 Extra"]
[Source "ChessBase"]
[SourceDate "2015.12.18"]
[SourceVersion "1"]
[SourceVersionDate "2015.12.18"]
[SourceQuality "1"]
[WhiteTeam "Dolny Kubin"]
[BlackTeam "Banska Bystrica Veza"]
[WhiteTeamCountry "SVK"]
[BlackTeamCountry "SVK"]

1. f4 d5 2. e3 g6 3. Nf3 Bg7 4. d4 Nh6 5. Bd3 0-0 6. 0-0 Nd7 7. Nbd2 Nf6 8. Qe2 Bf5 9. Ng5 c6 10. c3 Bxd3 11. Qxd3 Nf5 12. e4 dxe4 13. Ndxe4 Nxe4 14. Qxe4 Qd5 15. Re1 e6 16. Nf3 Qxe4 17. Rxe4 Rfd8 18. g4 Nd6 19. Re2 Ne8 20. Be3 Nf6 21. h3 Nd5 22. Rae1 Bh6 23. g5 Bg7 24. h4 Ne7 25. h5 Nf5 26. Rh2 Rd5 27. Kf2 Rad8 28. hxg6 hxg6 29. Ne5 Bxe5 30. fxe5 Kf8 31. Rh8+ Ke7 32. Rxd8 Rxd8 33. Rh1 b5 34. Rh7 a5 35. Bc1 c5 36. dxc5 Rd1 37. c6 Rd8 38. b3 b4 39. cxb4 axb4 40. Be3 Nxe3 41. Kxe3 Rd5 42. c7 Rc5 43. Rh4 Rxe5+ 44. Kd4 Rd5+ 45. Kc4 Kd7 46. Rd4 Rxd4+ 47. Kxd4 Kxc7 48. Kc5 Kd7 49. Kxb4 f5 50. gxf6 g5 51. Kc3 g4 52. Kd3 e5 53. a4 g3 54. Ke3 e4 55. a5 g2 56. Kf2 e3+ 57. Kxg2 e2 58. Kf2 1-0

[Event "SVK-ch Amateurs"]
[Site "Stara Lubovna"]
[Date "2015.05.08"]
[Round "3"]
[White "Mikulec, Martin"]
[Black "Puskar, Jan"]
[Result "1/2-1/2"]
[WhiteElo "1792"]
[BlackElo "2053"]
[PlyCount "57"]
[EventDate "2015.05.07"]
[EventType "swiss"]
[EventRounds "7"]
[EventCountry "SVK"]
[SourceTitle "EXT 2017"]
[Source "ChessBase"]
[SourceDate "2016.10.25"]
[SourceVersion "1"]
[SourceVersionDate "2016.10.25"]
[SourceQuality "1"]

1. e4 c5 2. Nf3 Nc6 3. d4 cxd4 4. Nxd4 Nf6 5. Nc3 d6 6. Be3 Ng4 7. Qd2 Nxe3 8. Qxe3 g6 9. Bb5 Bd7 10. 0-0 Bg7 11. Nde2 0-0 12. Rfd1 a6 13. Bxc6 bxc6 14. Rab1 Rb8 15. a3 Qb6 16. Qxb6 Rxb6 17. b3 f5 18. f3 Bf6 19. Rd3 Kg7 20. h3 Rbb8 21. Rf1 Bc8 22. Rfd1 a5 23. Nd4 Bd7 24. a4 Kf7 25. Nde2 Bc8 26. Re1 Rb4 27. Re3 Bd7 28. Rd1 Bc8 29. Na2 1/2-1/2